| 000 | 01680cam a22003734a 4500 | ||
|---|---|---|---|
| 001 | 13885274 | ||
| 005 | 20260429154501.0 | ||
| 008 | 050228s2005 nyua b 001 0 eng | ||
| 035 | _a13885274 | ||
| 906 |
_a7 _bcbc _corignew _d1 _eecip _f20 _gy-gencatlg |
||
| 925 | 0 |
_aacquire _b1 shelf copy _xpolicy default |
|
| 925 | 1 |
_aacquire _b2 shelf copies _xpolicy default |
|
| 955 |
_djk22 (jh34) 2005-03-03 to SL _ejh09 to Dewey 2005-03-07 _eyy07 2006-09-22 C. 2 to BCCD _fjh32 2006-08-23 Z-CipVer; _gjh32 2006-08-23 to BCCD |
||
| 010 | _a 2005005862 | ||
| 020 |
_a0810992388 _qpermanent paper |
||
| 020 |
_a9780810992382 _q(permanent paper) |
||
| 035 | _a(OCoLC)58432198 | ||
| 040 |
_aDLC _cDLC _dYDX _dBAKER _dVP@ _dDLC |
||
| 050 | 0 | 0 |
_aNC730 _b.M46 2005 |
| 082 | 0 | 0 |
_a741.2 _222 |
| 100 | 1 |
_aMicklewright, Keith, _d1933- _915863 |
|
| 245 | 1 | 0 |
_aDrawing : _bmastering the language of visual expression / _cKeith Mickelwright. |
| 260 |
_aNew York : _bHarry N. Abrams, _c2005. |
||
| 300 |
_a168 p. : _bill. (some col.) ; _c26 cm. |
||
| 336 |
_atext _btxt _2rdacontent |
||
| 337 |
_aunmediated _bn _2rdamedia |
||
| 338 |
_avolume _bnc _2rdacarrier |
||
| 440 | 0 |
_aAbrams studio _915864 |
|
| 504 | _aIncludes bibliographical references (p. 164) and index. | ||
| 650 | 0 |
_aDrawing _xTechnique. _915132 |
|
| 650 | 0 |
_aCommunication in art. _915865 |
|
| 856 | 4 | 2 |
_3Publisher description _uhttp://www.loc.gov/catdir/enhancements/fy0630/2005005862-d.html |
| 999 | f | f |
_i5662c3bf-7f47-5be7-8b4b-8fd67bb214fe _s76a4747d-c9a3-490c-90e2-24469b89d611 _c5877 _d5877 |